Les problemes demographiques: dossier d'information

में बचाया:
ग्रंथसूची विवरण
निगमित लेखकों: FNUAP (लेखक), Fonds des Nations Unies pour la Population (लेखक)
स्वरूप: पुस्तक
भाषा:फ़्रेंच
प्रकाशित: Nueva York FNUAP 1992
विषय:
टैग: टैग जोड़ें
कोई टैग नहीं, इस रिकॉर्ड को टैग करने वाले पहले व्यक्ति बनें!

MARC

LEADER 00000nam a2200000 a 4500
001 UCK5016
003 CL-VaPUC
008 050708e19920000US |||||||||||||||||fre|d
082 0 4 |a 304.6  |b FNU  |2 21 
110 2 |a FNUAP  |e author  |9 493687 
710 2 |a Fonds des Nations Unies pour la Population  |e author  |9 493688 
245 1 4 |a Les problemes demographiques: dossier d'information 
300 |a 21 p 
942 |c BK 
945 |d 20050708 00:00:00  |a cmena 
260 |a Nueva York  |b FNUAP  |c 1992 
650 0 |a Demografía   |9 260008 
650 0 |a Cambio social   |9 256857 
650 0 |a Países en desarrollo  |9 259663 
650 7 |a PLANIFICACION FAMILIAR  |2 CL-VaPUC  |9 309893 
650 0 |a Migración   |9 331531 
650 0 |a Política gubernamental  |9 262286 
583 |a last modification  |c 20050708 00:00:00  |k Rodrigo Vera 
999 |c 313712  |d 313710 
952 |0 0  |1 0  |2 ddc  |4 0  |6 304_600000000000000_FNU_1992  |7 0  |8 A  |9 385200  |a BIBDER  |b BIBDER  |d 2019-11-22  |i 4120639  |o 304.6 FNU 1992  |p 4120639  |r 2023-01-25  |w 2019-11-22  |y MX  |k DER